Anales de Legislación Argentina (Registro nro. 8963)
[ vista simple ]
| 000 -LEADER | |
|---|---|
| fixed length control field | 01082nas a2200253 454500 |
| 001 - CONTROL NUMBER | |
| control field | 53591 |
| 005 - DATE AND TIME OF LATEST TRANSACTION | |
| control field | 20260407193512.0 |
| 008 - FIXED-LENGTH DATA ELEMENTS--GENERAL INFORMATION | |
| fixed length control field | 260407s1957####ag###########|||spa#d |
| 003 - CONTROL NUMBER IDENTIFIER | |
| control field | AR-UNSa-BCEJYS |
| 040 ## - CATALOGING SOURCE | |
| Original cataloging agency | AR-UNSa-BCEJYS |
| Language of cataloging | spa |
| Transcribing agency | AR-UNSa-BCEJYS |
| 080 ## - UNIVERSAL DECIMAL CLASSIFICATION NUMBER | |
| Universal Decimal Classification number | 34(094) |
| Common auxiliary subdivision | Fuentes legales. Documentos legales. Legislación en materia de Derecho<br/> |
| 041 ## - LANGUAGE CODE | |
| Language code of text/sound track or separate title | spa |
| 100 1# - MAIN ENTRY--PERSONAL NAME | |
| Personal name | Fraga Patrao, Roberto |
| 245 10 - TITLE STATEMENT | |
| Title | Anales de Legislación Argentina |
| Name of part/section of a work | Repertorio |
| 264 #1 - PRODUCTION, PUBLICATION, DISTRIBUTION, MANUFACTURE, AND COPYRIGHT NOTICE | |
| Place of production, publication, distribution, manufacture | Buenos Aires : |
| Name of producer, publisher, distributor, manufacturer | La Ley |
| Date of production, publication, distribution, manufacture, or copyright notice | 1957 |
| 310 ## - CURRENT PUBLICATION FREQUENCY | |
| Current publication frequency | Frecuencia: Irregular<br/>Cambia de Director a partir de 1970 por Carlos M. Oliva Vélez<br/>Cambia de Director a partir de 1983 por Carlos M. Oliva Vélez (h.)<br/>Cambia de Director a partir de 1989 por Enrique J. Alcorta Gaona |
| 505 ## - FORMATTED CONTENTS NOTE | |
| Formatted contents note | 1. Índice numérico-cronològico de legislación nacional - 2. Índice numérico-cronológico de legislación provincial - 3. Índice general sistemático |
| 590 ## - LOCAL NOTE (RLIN) | |
| Local note | niveau_biblio:s niveau_hierar:1 |
| 650 ## - SUBJECT ADDED ENTRY--TOPICAL TERM | |
| Topical term or geographic name entry element | Derecho |
| 650 ## - SUBJECT ADDED ENTRY--TOPICAL TERM | |
| Topical term or geographic name entry element | CONSTITUCIÓN NACIONAL |
| 650 ## - SUBJECT ADDED ENTRY--TOPICAL TERM | |
| Topical term or geographic name entry element | Legislación |
| 650 ## - SUBJECT ADDED ENTRY--TOPICAL TERM | |
| Topical term or geographic name entry element | LEYES |
| 942 ## - ADDED ENTRY ELEMENTS (KOHA) | |
| Koha item type | |
| Withdrawn status | Lost status | Damaged status | Not for loan | Home library | Current library | Shelving location | Date acquired | Serial enumeration / chronology | Total checkouts | Full call number | Barcode | Date last seen | Price effective from | Koha item type |
|---|---|---|---|---|---|---|---|---|---|---|---|---|---|---|
| Biblioteca Prof. Eusebio Cleto del Rey | Biblioteca Prof. Eusebio Cleto del Rey | 01/01/1982 | Tomo I - 1982/1987 | H34(094) ANA/REP 1982/1987 T.1 | R22975 | 10/04/2026 | 10/04/2026 | Numero | ||||||
| Biblioteca Prof. Eusebio Cleto del Rey | Biblioteca Prof. Eusebio Cleto del Rey | 01/01/1977 | Tomo II - 1977/1981 | H34(094) ANA/REP 1977/1981 T.2 | R22973 | 10/04/2026 | 10/04/2026 | Numero | ||||||
| Biblioteca Prof. Eusebio Cleto del Rey | Biblioteca Prof. Eusebio Cleto del Rey | 01/01/1977 | Tomo II - 1977/1981 | H34(094) ANA/REP 1977/1981 T.2Ej.2 | R22974 | 10/04/2026 | 10/04/2026 | Numero | ||||||
| Biblioteca Prof. Eusebio Cleto del Rey | Biblioteca Prof. Eusebio Cleto del Rey | 01/01/1977 | Tomo I - 1977/1981 | H34(094) ANA/REP 1977/1981 T.1 | R22971 | 10/04/2026 | 10/04/2026 | Numero | ||||||
| Biblioteca Prof. Eusebio Cleto del Rey | Biblioteca Prof. Eusebio Cleto del Rey | 01/01/1977 | Tomo I - 1977/1981 | H34(094) ANA/REP 1977/1981 T.1Ej.2 | R22972 | 10/04/2026 | 10/04/2026 | Numero | ||||||
| Biblioteca Prof. Eusebio Cleto del Rey | Biblioteca Prof. Eusebio Cleto del Rey | 01/01/1955 | Tomo I - 1955/1968 | H34(094) ANA/REP 1855/1968 | R22957 | 10/04/2026 | 10/04/2026 | Numero | ||||||
| Biblioteca Prof. Eusebio Cleto del Rey | Biblioteca Prof. Eusebio Cleto del Rey | 01/12/1852 | Tomo I - 1852/1976 | H34(094) ANA/REP 1852/1976 | R22970 | 10/04/2026 | 10/04/2026 | Numero | ||||||
| Biblioteca Prof. Eusebio Cleto del Rey | Biblioteca Prof. Eusebio Cleto del Rey | 01/12/1852 | 1852/1954 | H34(094) ANA/REP 1852/1954 | R22956 | 10/04/2026 | 10/04/2026 | Numero |